Zlepšenie vyťaženosti AGV vozíkov na dráhe predných kapôt vo firme Škoda Auto a.s. Mladá Boleslav

Saved in:
Bibliographic Details
Main Author: Tkáč, Adam (Author)
Other Authors: Součková, Ingrid (Thesis advisor)
Format: Manuscript Book
Language:Slovak
Published: 2023
Subjects:
Online Access:http://is.stuba.sk/zp/portal_zp.pl?podrobnosti=157362
Tags: Add Tag
No Tags, Be the first to tag this record!

MARC

LEADER 00000ntm a22000003a 4500
001 stuzp95030
003 SK-STU
005 20240513113226.9
007 ta
008 150427s2015----xo-----f-mn---000-0-slo-d
040 |a STU  |b slo 
041 0 |a slo 
100 1 |a Tkáč, Adam  |u 020070  |4 aut  |U SjF Strojnícka fakulta  |T SjF Ústav výrobných systémov, enviromentálnej techniky a manažment kvality  |X 105046  |U J0070  |Y 804  |7 105046 
242 0 1 |a Improvement of the utilization of AGV trolleys on the track of the front hoods in Škoda Auto a.s. Mladá Boleslav  |y eng 
245 1 0 |a Zlepšenie vyťaženosti AGV vozíkov na dráhe predných kapôt vo firme Škoda Auto a.s. Mladá Boleslav 
260 |c 2023 
650 4 |a vyťaženosť  |2 slo 
650 4 |a AGV  |2 slo 
650 4 |a podniková logistika  |2 slo 
650 4 |a meranie  |2 slo 
650 4 |a výrobný proces  |2 slo 
650 4 |a riadiaci systém  |2 slo 
650 4 |a utilization  |2 eng 
650 4 |a AGV  |2 eng 
650 4 |a measurement  |2 eng 
650 4 |a control system  |2 eng 
650 4 |a corporate logistics  |2 eng 
650 4 |a production process  |2 eng 
700 1 |a Součková, Ingrid  |u 020070  |k Z1  |4 ths  |U SjF Strojnícka fakulta  |T SjF Ústav výrobných systémov, enviromentálnej techniky a manažment kvality  |X 2364  |U J0070  |Y 804  |7 A000002364 
856 4 |u http://is.stuba.sk/zp/portal_zp.pl?podrobnosti=157362 
996 |b 284J047570  |c J* 3692/DBP  |l JJSK  |s A  |a 24  |w stuzp95030_0001